Herida en la identidad femenina: el incesto en tres textos dramáticos costarricenses /
Se presenta un análisis de tres textos dramáticos costarricenses escritos por mujeres en los años 90 en Costa Rica: El cristal de mi infancia, de Roxana Campos; Tarde de granizo y musgo, de Leda Cavallini y ¿Me entiende?, de Ishtar Yasin. El incesto es el principal punto de coincidencia de estas obr...
Kaydedildi:
| Yazar: | |
|---|---|
| Materyal Türü: | Metin |
| Konular: | |
| Etiketler: |
Etiketle
Etiket eklenmemiş, İlk siz ekleyin!
|
MARC
| LEADER | 00000 a a2200000 04500 | ||
|---|---|---|---|
| 001 | 42461 | ||
| 003 | |||
| 040 | |||
| 100 | |a Morera Ugalde, Hailyn | ||
| 245 | |a Herida en la identidad femenina: |b el incesto en tres textos dramáticos costarricenses / |c Hailyn Morera Ugalde | ||
| 520 | |a Se presenta un análisis de tres textos dramáticos costarricenses escritos por mujeres en los años 90 en Costa Rica: El cristal de mi infancia, de Roxana Campos; Tarde de granizo y musgo, de Leda Cavallini y ¿Me entiende?, de Ishtar Yasin. El incesto es el principal punto de coincidencia de estas obras. El análisis realizado desde una metodología cualitativa permitió conocer algunos aspectos del orden socio-cultural, reflejado en los textos. Se utilizan conceptos como cultura, identidad y cuerpo femenino, a partir de las propuestas teóricas de Marcela Lagarde y Biruté Ciplijauskaité, principalmente. | ||
| 590 | |a RRA/JULIO2012 | ||
| 650 | |a 1.LITERATURA | ||
| 650 | |a 2.COSTA RICA | ||
| 650 | |a 3.ANALISIS DE GENERO | ||
| 650 | |a 4.INCESTO | ||
| 773 | |g número11 ( , 2007), páginas 117-130 | ||
| 999 | |c 35398 |d 35398 | ||
